| 000 | 00000nam##2200000za#4500 |
| 001 | 9.600169 |
| 003 | CaOODSP |
| 005 | 20210624205436 |
| 007 | cr ||||||||||| |
| 008 | 150406|1997||||xxc|||||o f|0| 0 fre|d |
| 020 | |a978-1-100-96285-6 |
| 040 | |aCaOODSP|bfre |
| 043 | |an-cn--- |
| 086 | 1 |aEn83-5/97-01-IF-PDF |
| 110 | 1 |aCanada. |bEnvironnement Canada. |bRégion de l'Ontario. |
| 245 | 10|aQualité de l'eau dans le fleuve Saint-Laurent à Wolfe Island |h[ressource électronique] |
| 260 | |aBurlington - Ontario : |bEnvironnement Canada. |cMai 1997. |
| 300 | |a37p.|bfigures, graphiques, carte, références |
| 490 | 1 |aDivision de la santé des écosystèmes - rapport |vEHD 97-01/I |
| 590 | |a12-25-Supp|b2012-06-04 |
| 691 | 07|aQualité de l'eau|2gcpds |
| 775 | 08|tWater quality in the St. Lawrence River at Wolfe Island |w(CaOODSP)9.568910 |
| 830 | #0|aDivision de la santé des écosystèmes - rapport ;|vEHD 97-01/I|w(CaOODSP)9.502682 |
| 856 | 40|ahttp://publications.gc.ca|qPDF|s302 Ko|uhttps://publications.gc.ca/collections/collection_2011/ec/En83-5-97-01-I-fra.pdf|yEHD 97-01/I |